Genealogía de las puertas y otros indicios 1999-2009
| Main Author: | |
|---|---|
| Format: | Section = Libro |
| Language: | Undetermined Spanish |
| Published: |
Managua
BCN
2011
|
| Subjects: |
| LEADER | 00490nam a2200181Ia 4500 | ||
|---|---|---|---|
| 008 | 240829s9999 xx 000 0 und d | ||
| 040 | |a BIBLIOTECA-RUSB/ 861.44 U76 | ||
| 041 | |a spa | ||
| 082 | |a 861.44 U76 | ||
| 100 | 1 | |a Uriarte, Iván | |
| 245 | 1 | 0 | |a Genealogía de las puertas y otros indicios 1999-2009 |
| 260 | |a Managua |b BCN |c 2011 | ||
| 300 | |a 105 p. :il. | ||
| 650 | 7 | |a LITERATURA NICARAGUENSE | |
| 650 | 7 | |b POESIA NICARAGUENSE-SIGLO XXI | |
| 942 | |c BK |2 ddc | ||
| 991 | |a TEXTO | ||
| 999 | |c 5497 | ||